Дифференциация моделей смешанного обучения; Лингвистические и культурологические традиции и инновации

Dettagli Bibliografici
Parent link:Лингвистические и культурологические традиции и инновации.— 2019.— [С. 29-33]
Autore principale: Бекишева Т. Г. Татьяна Геннадьевна
Ente Autore: Национальный исследовательский Томский политехнический университет Школа базовой инженерной подготовки Отделение иностранных языков
Riassunto:Заглавие с титульного экрана
Lingua:russo
Pubblicazione: 2019
Soggetti:
Accesso online:http://earchive.tpu.ru/handle/11683/57672
Natura: Elettronico Capitolo di libro
KOHA link:https://koha.lib.tpu.ru/cgi-bin/koha/opac-detail.pl?biblionumber=630815

MARC

LEADER 00000naa2a2200000 4500
001 630815
005 20231227142236.0
035 |a (RuTPU)RU\TPU\conf\32348 
035 |a RU\TPU\conf\32326 
090 |a 630815 
100 |a 20200124d2019 k y0rusy50 ca 
101 0 |a rus 
102 |a RU 
105 |a y z 101zy 
135 |a drgn ---uucaa 
181 0 |a i  
182 0 |a b 
200 1 |a Дифференциация моделей смешанного обучения  |f Т. Г. Бекишева 
203 |a Текст  |c электронный 
300 |a Заглавие с титульного экрана 
320 |a [Библиогр.: с. 32-33 (3 назв.)] 
463 0 |0 (RuTPU)RU\TPU\conf\32155  |t Лингвистические и культурологические традиции и инновации  |o сборник материалов Всероссийской научно-практической конференции "Актуальные проблемы управления и экономики", Томск, 12 декабря 2018 г.   |f Национальный исследовательский Томский политехнический университет (ТПУ) ; под ред. О. В. Солодовниковой  |v [С. 29-33]  |d 2019 
610 1 |a труды учёных ТПУ 
610 1 |a электронный ресурс 
610 1 |a дифференциация 
610 1 |a смешанное обучение 
610 1 |a обучение 
610 1 |a иностранные языки 
610 1 |a модели обучения 
610 1 |a образовательные технологии 
700 1 |a Бекишева  |b Т. Г.  |c лингвист  |c старший преподаватель Томского политехнического университета  |f 1974-  |g Татьяна Геннадьевна  |3 (RuTPU)RU\TPU\pers\33548  |9 17215 
712 0 2 |a Национальный исследовательский Томский политехнический университет  |b Школа базовой инженерной подготовки  |b Отделение иностранных языков  |3 (RuTPU)RU\TPU\col\23510 
801 2 |a RU  |b 63413507  |c 20200128  |g RCR 
856 4 |u http://earchive.tpu.ru/handle/11683/57672 
942 |c BK